| 000 | 00511nam a2200181Ia 4500 | ||
|---|---|---|---|
| 999 |
_c36317 _d36317 |
||
| 003 | GCL | ||
| 005 | 20240530103032.0 | ||
| 008 | 140319s9999 xx 000 0 ara d | ||
| 040 |
_aGCL / _cGCL |
||
| 082 | 0 | 4 |
_a194 _bك ر |
| 100 | _4كريسون ، اندرية | ||
| 245 | 1 | 0 | _aروسو حياته فلسفته منتخبات |
| 260 |
_a[S.N] : _bمنشورات عويدان ، _c1988 |
||
| 300 | _a157 ص | ||
| 490 |
_aزدنى علما _v0 |
||
| 700 | _aنبيه صقر (مترجم). | ||
| 942 |
_2ddc _cBK |
||